One Piece - Fruit du Démon par Image #2 - Statistiques

Statistiques générales
  • Ce quiz a été pris 24 fois
  • Le résultat moyen est 6 sur 20
Statistiques - réponses
Par images Réponse % Correct
Fruit de la Giraffe
70%
Fruit de la Fragmentation
65%
Fruit du Dragon Azur Artificiel
65%
Fruit Boum - Boum
48%
Fruit du Bison
43%
Fruit Tailladant
43%
Fruit de la Passion
39%
Fruit Bubulle
30%
Fruit du Glouton
30%
Fruit du Loup Divin
26%
Fruit du Joujou
22%
Fruit du Pinceau
22%
Fruit Glisse - Glisse
22%
Fruit de l'ombre
17%
Fruit de l'Axolotl
13%
Fruit Kilo - Kilo
13%
Fruit de L'orochi
9%
Fruit de la réincarnation
4%
Fruit de l'Ecotplasme
4%
Fruit Machine à Couture
4%
Aucun quiz correspondant
Distribution des résultats
% des personnes avec chaque résultat
Percentile par nombre de réponses
Votre historique - résultats
Vous n’avez pas pris ce quiz